| 000 | 00356nam a22001337a 4500 | ||
|---|---|---|---|
| 020 | _a0-07-056378-0 | ||
| 082 | _a658.4034 SHA'O | ||
| 100 |
_aSHAMBLIN, JAMES E,STERVENS, G. T _978963 |
||
| 245 | _aOPERATION RESEARCH A FUNDAMENTAL APPROACH | ||
| 260 |
_aNEWYORK _bMCGRAW HILL _c1974 |
||
| 300 | _a404P | ||
| 650 |
_aOPERATION RESEARCH _91219 |
||
| 942 | _cBK | ||
| 999 |
_c584034 _d584034 |
||